00435nam a2200145 a 450000500170000000800410001702000180005805000180007624500920009426000370018630000190022344000200024265000130026265000140027520140412111323.0001111s19uu xx 00 eng d a0-307-30298-9 aERbHu86 1996 aThe Hunchback of Notre Dame /cadapted by Justine Korman ; illustrated by Don Williams. aNew York :bGolden Books,c1996. a[23] p. ; ill. aDisney's series aFolklore aFolktales